01602naa#a2200229#i#4500001001600000005001700016011001400033100004100047102000700088200026100095210011800356215001100474608004500485675044100530686011200971700005001083700006001133700005001193700006201243700005201305856001501357RU\\bibl\12325120260602224952.2##a2782-5957##a20260529b2026####ek#y0rusy0150####ca##aRU1#aЗАКОНОМЕРНОСТИ ИЗНОСА ФОКУСИРУЮЩЕЙ ТРУБКИ СОПЛА ГИДРОАБРАЗИВНОЙ УСТАНОВКИ ПРИ ВВЕДЕНИИ ПОВЕРХНОСТНО-АКТИВНЫХ ВЕЩЕСТВeЖурнальная статья1#aБрянскcБрянский государственный технический университетd2026##a10 с.##aЖурнальная статья2local##aОбработка резанием (снятием стружки).Резка (разделительные операции без образования стружки).Дробление и измельчение.Обработка листового материала.Изготовление резьбы и т.д. Способы (технология), инструменты, машины и приспособления. 621.9##aОбщая технология машиностроения. Обработка металлов. 3452bbk#1aКожусgОльга Геннадьевна#1aБарсуковgГеннадий Валерьевич#1aНоздринgЕгор Дмитриевич#1aТиняковаgЕлизавета Алексеевна#1aЗенкинаgПолина Никитична4#anaukaru.ru